Fr. Conceicao Rodrigues College of Engineering

Make:Design for 3D printing (Record no. 27065)

MARC details
000 -LEADER
fixed length control field 00335nam a2200169Ia 4500
082 ## - DEWEY DECIMAL CLASSIFICATION NUMBER
Item number BER
100 ## - MAIN ENTRY--PERSONAL NAME
Personal name Bernier/Samuel N
245 ## - TITLE STATEMENT
Title Make:Design for 3D printing
260 ## - PUBLICATION, DISTRIBUTION, ETC.
Name of publisher, distributor, etc. SPD
Date of publication, distribution, etc. 2018
366 ## - TRADE AVAILABILITY INFORMATION
Publishers's discount category 20
300 ## - PHYSICAL DESCRIPTION
Extent 149
546 ## - LANGUAGE NOTE
Language note ENGLISH
650 ## - SUBJECT ADDED ENTRY--TOPICAL TERM
Topical term or geographic name entry element 3d printing
654 ## - SUBJECT ADDED ENTRY--FACETED TOPICAL TERMS
Focus term 3d printing
942 ## - ADDED ENTRY ELEMENTS (KOHA)
Koha item type BOOK
Holdings
Withdrawn status Lost status Damaged status Not for loan Collection Home library Current library Date acquired Source of acquisition Cost, normal purchase price Inventory number Total Checkouts Full call number Barcode Date last seen Date last checked out Cost, replacement price Price effective from Koha item type
        CRC Fr. Agnel's C.Rodrigues College of Engineering Fr. Agnel's C.Rodrigues College of Engineering 17/03/2023 Shroff Publishers 220.00 03679 dr 24.01.2019 1 BER 25495 16/05/2024 25/04/2024 275.00   BOOK